Music Quiz

Random Music Quiz

Guess the Lyric Quiz Stats

 Plays Quiz not verified by Sporcle

Score 0/10 Timer 01:00
0 Plays Today
Lyric Missing Lyric % Correct
????
100%
????
68.4%
????
68.4%
????
47.4%
????
42.1%
????
28.9%
????
26.3%
????
13.2%
????
13.2%
????
2.6%

You're not logged in!

Compare scores with friends on all Sporcle quizzes.
OR
Log In

Show Comments

Extras

Created Nov 20, 2010ReportNominate

Top Quizzes Today


Score Distribution

Your Account Isn't Verified!

In order to create a playlist on Sporcle, you need to verify the email address you used during registration. Go to your Sporcle Settings to finish the process.

Report this User

Report this user for behavior that violates our Community Guidelines.

Details: